The noble scholar, jurist, historian


 His Excellency Dr. Abdul Wahhab bin Ibrahim Abu Sulaiman, may Allah have mercy on him.


 He was born in Umm Al-Qura in the year 1356 AH.

الإعلان بالتوبيخ لمن ذم التاريخ / (Record no. 8711)

MARC details
000 -LEADER
fixed length control field 02026cam a22003251i 4500
003 - CONTROL NUMBER IDENTIFIER
control field SA-RiAUC
005 - DATE AND TIME OF LATEST TRANSACTION
control field 20250603135119.0
008 - FIXED-LENGTH DATA ELEMENTS--GENERAL INFORMATION
fixed length control field 250602q19001999le g 00000 ara c
040 ## - CATALOGING SOURCE
Original cataloging agency SA-JeALM
Language of cataloging ara
Transcribing agency SA-RiAUC
Description conventions rda
082 04 - DEWEY DECIMAL CLASSIFICATION NUMBER
Classification number 907.2
Assigning agency SA-RiAUC
090 ## - LOCALLY ASSIGNED LC-TYPE CALL NUMBER (OCLC); LOCAL CALL NUMBER (RLIN)
Classification number (OCLC) (R) ; Classification number, CALL (RLIN) (NR) 907.2
Local cutter number (OCLC) ; Book number/undivided call number, CALL (RLIN) س خ ا
100 1# - MAIN ENTRY--PERSONAL NAME
Personal name السخاوي، محمد بن عبد الرحمن بن محمد،
Dates associated with a name 831-902 هجري
Relator term مؤلف.
245 12 - TITLE STATEMENT
Title الإعلان بالتوبيخ لمن ذم التاريخ /
Statement of responsibility, etc. شمس الدين محمد بن عبد الرحمن السخاوي ؛ حققه وعلق عليه بالإنجليزية فرانز روزنثال ؛ ترجم التعليقات والمقدمة صالح أحمد العلي.
264 #1 - PRODUCTION, PUBLICATION, DISTRIBUTION, MANUFACTURE, AND COPYRIGHT NOTICE
Place of production, publication, distribution, manufacture بيروت :
Name of producer, publisher, distributor, manufacturer دار الكتب العلمية،
Date of production, publication, distribution, manufacture, or copyright notice [بين 1900 و1999]
300 ## - PHYSICAL DESCRIPTION
Extent 460 صفحة ؛
Dimensions 24 سم.
336 ## - CONTENT TYPE
Content type term نص
Content type code txt
Source rdacontent
Materials specified كتاب
337 ## - MEDIA TYPE
Media type term بدون وسيط
Media type code n
Source rdamedia
338 ## - CARRIER TYPE
Carrier type term مجلد
Carrier type code nc
Source rdacarrier
504 ## - BIBLIOGRAPHY, ETC. NOTE
Bibliography, etc. note يشتمل على فهرس للأعلام.
520 2# - SUMMARY, ETC.
Summary, etc. الكتاب من وجهة نظر العلوم الدينية، وقد جاء للدفاع عن دراسة التأريخ كموضوع ثقافي مساعد في مناهج الدراسة الدينية، وذلك بالإشارة إلى بحث نواح معينة من سير علماء الدين وهو عرض التأريخ الديني وآماله ومعظلاته.
650 #7 - SUBJECT ADDED ENTRY--TOPICAL TERM
Topical term or geographic name entry element التأريخ
Source of heading or term aucsh
650 #7 - SUBJECT ADDED ENTRY--TOPICAL TERM
Topical term or geographic name entry element التاريخ الإسلامي
Source of heading or term aucsh
650 #7 - SUBJECT ADDED ENTRY--TOPICAL TERM
Topical term or geographic name entry element التاريخ الإسلامي
General subdivision دفع مطاعن
Source of heading or term aucsh
650 #7 - SUBJECT ADDED ENTRY--TOPICAL TERM
Topical term or geographic name entry element التاريخ
General subdivision مناهج بحث
Source of heading or term aucsh
700 12 - ADDED ENTRY--PERSONAL NAME
Relationship information تحقيق لـ (عمل) :
Personal name السخاوي، محمد بن عبد الرحمن بن محمد،
Dates associated with a name 831-902 هجري.
Title of a work الإعلان بالتوبيخ لمن ذم التاريخ
700 1# - ADDED ENTRY--PERSONAL NAME
Personal name روزنتال، فرانز،
Dates associated with a name 1914-2003
Relator term محقق.
700 1# - ADDED ENTRY--PERSONAL NAME
Personal name العلي، صالح أحمد،
Dates associated with a name 1918-2003
Relator term مترجم.
942 ## - ADDED ENTRY ELEMENTS (KOHA)
Source of classification or shelving scheme Dewey Decimal Classification
Koha item type Books
Suppress in OPAC No
949 ## - LOCAL PROCESSING INFORMATION (OCLC)
a SA-JeALM
d 250602
u osman123
n 1
Holdings
Withdrawn status Lost status Source of classification or shelving scheme Damaged status Not for loan Home library Current library Date acquired Total checkouts Full call number Barcode Date last seen Price effective from Koha item type
    Dewey Decimal Classification     DR AbdElwahab Library DR AbdElwahab Library 06/03/2025   907.2 س خ ا 000014312 06/03/2025 06/03/2025 Books
    Dewey Decimal Classification     DR AbdElwahab Library DR AbdElwahab Library 06/03/2025   907.2 س خ ا 000014313 06/03/2025 06/03/2025 Books